000 00413nmm a2200145Ia 4500
008 251105s9999||||xx |||||||||||||||||und||
041 _aspa
100 _aNuño, Laura
245 0 _aHighlander tenías que ser
264 _a[Madrid, España] :
_bLos libros del Cristal,
_c2015
300 _a0 páginas
650 _aSpanish narrative
856 _uhttps://public.digitaliapublishing.com/a/88116
942 _cCF
999 _c105379
_d105379